[Event "Nussloch"]
[Site "Nussloch"]
[Date "1996.??.??"]
[Round "8"]
[White "Sokolov, Ivan"]
[Black "Dautov, Rustem"]
[Result "1/2-1/2"]
[WhiteElo "2665"]
[BlackElo "2615"]
[Annotator "Dautov,R"]
[PlyCount "122"]
[EventDate "1996.??.??"]
[EventType "tourn"]
[EventRounds "11"]
[EventCountry "GER"]
[EventCategory "15"]
[SourceTitle "CBM 053"]
[Source "ChessBase"]
[SourceDate "1996.08.01"]
[SourceVersion "1"]
[SourceVersionDate "1996.08.01"]
[SourceQuality "1"]

1. d4 Nf6 2. c4 e6 3. Nc3 d5 4. cxd5 exd5 5. Bg5 c6 6. e3 Bf5 7. Qf3 Bg6 8.
Bxf6 Qxf6 9. Qxf6 gxf6 10. h4 (10. Nge2) (10. Kd2) (10. Rd1) 10... h5 (10...
Nd7 11. h5 Bf5 12. Nf3 $14 {/\Nh4}) 11. Nh3 (11. g3 Bd6 12. Nge2 Nd7 13. Bh3
Nb6 14. O-O-O Nc4 15. Rde1 Kd8 $6 16. Nf4 Kc7 17. Nxg6 fxg6 18. e4 dxe4 19.
Rxe4 f5 20. Re6 $14 {Drasko,M-Pedersen,H/Copenhagen op/1989/}) 11... Bd6 {N} (
11... Nd7 12. Nf4 Bd6 13. g3 Bxf4 14. gxf4 Bf5 15. f3 Rd8 16. Kf2 Nb6 17. Be2
Ke7 18. b4 Be6 19. a4 $14 {Drasko,M-Bellini,F/Montecatini Terme /1995}) 12. Be2
$6 (12. g3 $142) 12... Nd7 13. Rc1 Nb6 14. g3 Nc4 $5 (14... Kd7 $10) 15. Bxc4
dxc4 16. Nf4 Bf5 $5 (16... O-O-O $2 17. Nxg6 fxg6 18. Ne4 $16) (16... b5 $6 17.
Nxg6 fxg6 18. Ne4 Be7 19. b3 cxb3 20. axb3 $14) (16... Bxf4 17. gxf4 O-O-O 18.
f3 b5 19. Kf2 Bd3 (19... a6 $5 {/\} 20. e4 $2 f5 21. Ke3 fxe4 22. fxe4 Rhe8 $15
) 20. Rhg1 Rhg8 $10) 17. f3 O-O-O $2 (17... b5 18. Kf2 Ke7 (18... Bd7 $2 19.
Ne4 Be7 20. b3 cxb3 21. axb3 $16) 19. Nxh5 (19. e4 Bd7 $13) 19... Rxh5 20. g4
Rh7 21. gxf5 Rah8 $10) 18. Kf2 b5 19. Nxh5 $1 Rxh5 20. g4 $16 Bxg4 (20... Rh7
21. gxf5 Rdh8 22. Ne4 Be7 23. b3 cxb3 24. axb3 Kb7 25. Rcg1 $16) 21. fxg4 Rh6
22. Ne4 Kd7 23. Kf3 (23. b3 $5 cxb3 24. axb3 a5 25. Nxd6 Kxd6 26. Rc5 Ra8 27.
Rhc1 Ra6 28. h5 a4 29. b4 $1 (29. bxa4 bxa4 30. Ra1 Rh8 31. Ra3 Rg8 32. Kf3 Rg5
$132) 29... a3 30. Kf3 a2 31. Ra1 Rh8 (31... Ra4 32. Kf4 Rh8 (32... Rxb4 33.
Rxa2 $16) 33. Kf5 Rha8 34. Rc2 $16) 32. Kf4 Ra3 33. Rc2 Rha8 34. h6 $16) 23...
a5 24. h5 a4 25. a3 Rg8 (25... Bf8 26. Ng3 Rh8 27. Nf5 Bh6 28. Rcd1 Ke6 29. e4
$16 {/\d5}) 26. Rcf1 Ke6 27. Rh4 Bc7 (27... Rg7 28. Ke2 Rg8 29. Kd2 $1 (29. Rf5
$2 c3 30. Nxc3 Rxg4 $10) 29... Rg7 30. Rf5 Rg8 31. Nxd6 Kxd6 32. e4 $16) 28.
Ke2 Bb8 29. Nc5+ Ke7 30. Rf5 Bg3 31. Rh3 Bd6 32. Kf3 Rg5 $2 $138 33. Ne4 $2
$138 (33. Rxg5 $1 fxg5 34. Ne4 $1 f6 35. Nxd6 Kxd6 36. Ke4 Ke6 (36... c5 37.
Rf3 cxd4 38. exd4 $18) 37. Rh1 $22 Rh8 38. h6 Kf7 39. Kf5 Re8 40. h7 Kg7 41. e4
Kh8 42. e5 fxe5 43. dxe5 c5 44. e6 $18) 33... Rxf5+ (33... Rg8 34. Nxd6 Kxd6
35. Kf4 Ke6 36. Rh1 Ke7 37. Rd1 Kd6 38. e4 $16) 34. gxf5 Bc7 (34... Kd7 $5 35.
Nxd6 (35. Rh1 Bf8 36. Ke2 c5 $132) (35. Nf2 $2 c3 $1 36. bxc3 Ke7 $13) 35...
Kxd6 36. e4 c5 37. Ke3 Kc6 38. Rh1 (38. e5 $2 Kd5) 38... Kd6 39. dxc5+ (39. d5
Ke5 40. Kf3 b4 $132) 39... Kxc5 40. Kf4 c3 (40... b4 41. axb4+ Kxb4 42. Rh3 c3
$1) 41. bxc3 Kc4 42. Kg4 Kxc3 43. Rb1 Kc4 44. Rb4+ Kc5 $132) 35. Ke2 Kf8 36.
Nf2 Ke7 (36... Kg7 $2 37. Ng4 Rh8 38. h6+ $18) 37. Kd2 Bd8 38. Kc3 Ba5+ 39. Kc2
Bd8 40. Ng4 Rh8 41. h6 Kf8 $1 {/\Kg8-h7} 42. e4 Kg8 43. d5 c5 $1 (43... cxd5 $2
44. exd5 Kh7 45. Re3 Rg8 46. Re4 Rg5 47. d6 Rxf5 48. Re7 $1 Kg6 49. Re8 $18)
44. e5 fxe5 45. Nxe5 Bf6 $1 46. h7+ (46. Ng4 Bd4 47. h7+ (47. d6 $2 Kh7 $17)
47... Kf8 48. f6 Ke8 49. Rh5 Kd7 $10) 46... Rxh7 47. Rxh7 Kxh7 48. Nxf7 b4 $10
49. Nd6 c3 (49... b3+ $2 50. Kb1 c3 51. bxc3 Bxc3 52. Ne4 Be5 53. d6 c4 54. d7
Bc7 55. Ng5+ $18) 50. bxc3 Bxc3 51. Ne4 Bd4 (51... Be5 52. d6 bxa3 53. Kb1 Kg7
54. d7 Bc7 55. Ka2 Kf7 56. Nxc5 Ke7 $10) 52. d6 bxa3 53. Kb1 c4 54. Ka2 Kg7 55.
d7 Bb6 56. Kxa3 Kf8 57. f6 (57. Kxa4 Ke7 58. Kb5 Kxd7 $1 59. Kxb6 Ke7 60. Kc5
c3 $10) 57... c3 58. Nxc3 Kf7 59. Kxa4 Bd8 60. Kb5 Kxf6 61. Kc6 Ke6 1/2-1/2

[Event "Pulvermuehle 2nd"]
[Site "Pulvermuehle"]
[Date "2004.02.22"]
[Round "5"]
[White "Gustafsson, Jan"]
[Black "Baramidze, David"]
[Result "1-0"]
[WhiteElo "2572"]
[BlackElo "2456"]
[Annotator "Dautov,R"]
[PlyCount "85"]
[EventDate "2004.02.19"]
[EventType "tourn"]
[EventRounds "11"]
[EventCountry "GER"]
[EventCategory "11"]
[SourceTitle "CBM 100"]
[Source "ChessBase"]
[SourceDate "2004.06.01"]
[SourceVersion "1"]
[SourceVersionDate "2004.06.01"]
[SourceQuality "1"]

1. d4 d5 2. c4 e6 3. Nc3 Be7 4. cxd5 exd5 5. Bf4 c6 6. e3 Bd6 7. Bxd6 Qxd6 8.
Bd3 Nf6 ({Erfolglos bleibt hier der Versuch, schnell die Läufer abzutauschen.} 
8... Ne7 9. Qc2 Qf6 (9... Nd7 10. Nge2 Nf6 11. f3 $14) 10. f3 Bf5 11. e4 Bg6
12. Nge2 dxe4 13. fxe4 $14) 9. h3 O-O 10. Nf3 Nbd7 11. Qc2 Re8 12. O-O {
Weiß hat ein Tempo mehr gegenüber der klassischen Abtauschvariante mit Bc1-g5,
deswegen war hier der Plan mit der langen Rochade sehr aussichtsreich.
Allerdings kommt Weiß auch in der Partie zu einem bequemen Vorteil.} (12. O-O-O
$1 Nf8 13. g4 Be6 (13... b5 14. Kb1 a5 15. Rc1 a4 16. Ne5 a3 17. b3 N6d7 18.
Nxd7 Bxd7 19. Ne2 b4 20. Bf5 Ra6 21. Nf4 $14 {Anand,V-Drazic,S/Bastia 2000})
14. Kb1 Rac8 15. Rc1 Qb8 16. g5 N6d7 17. Qd2 Rc7 18. h4 Nb6 19. Qc2 Nc4 20. Nd2
Nd6 21. Ne2 $14 {Gurevich,M-Andersson,U/Reggio Emilia 1988}) 12... Nf8 13. Rab1
Be6 14. b4 $14 N8d7 15. Rfc1 Rec8 $146 (15... Rac8 16. Na4 b6 17. Nc3 Kh8 18.
Ba6 Rcd8 19. Ne2 Nb8 {Stolberg,M-Bondarevsky,I/Moscow 1940} 20. Bd3 $14) 16. a4
{Der Zug ist kein Fehler, aber energischer war es, das typische Manöver Na4-c5
zu starten.} (16. Na4 $1 b6 (16... a5 17. bxa5 $16) 17. Ba6 Rc7 18. Nc3 Nb8 19.
Bd3 $14) 16... g6 17. Nd2 b6 18. Qb2 $6 {Schwarz bereitet eindeutig a7-a5 vor,
deswegen war das präventive 18.a5! angezeigt.} (18. a5 $1 b5 (18... c5 19. bxc5
bxc5 20. Nb5 Qf8 21. dxc5 Nxc5 22. Nd4 Nce4 23. Qb2 Rxc1+ 24. Rxc1 Rb8 25. Qa2
$14) 19. Ne2 Qe7 20. Qc3 (20. Nf4 Ne8 21. e4 $5) 20... Ne8 21. Nb3 Nd6 22. Nc5
$14) 18... a5 $1 19. Nf3 axb4 20. Qxb4 Qxb4 21. Rxb4 {Das entstandene Endspiel
ist etwa ausgeglichen.} h6 22. Rb2 Kg7 (22... Kf8 $1 {/\Ke7-d6}) 23. Rbc2 c5
24. Ra1 Ra5 25. Rcc1 cxd4 (25... c4 $6 26. Bc2 $14) 26. Nxd4 Nc5 27. Bb5 Nfe4
28. Nxe4 dxe4 29. Nxe6+ fxe6 {Schwarz hat auf Kosten seiner Bauernstruktur das
Spielmaterial reduziert und damit die remislichen Tendenzen der Stellung
verstärkt.} 30. Rd1 Rca8 31. Rab1 Nxa4 32. Bxa4 Rxa4 33. Rd7+ Kf6 34. Rxb6 R8a5
35. g4 h5 36. Rdd6 Re5 37. Kg2 h4 $2 {[%mdl 4096] Wahrscheinlich in Zeitnot,
erschwert Baramidze seine Verteidigung erheblich. Dagegen führte 37...hxg4 zu
einer totremislichen Stellung.} (37... hxg4 38. hxg4 Ra1 $11) 38. Rd7 Rc5 $2 {
Schwarz sollte bereits einen Bauern opfern, um ein Paar Türme abzutauschen und
die Stellung zu halten.} (38... Kg5 39. Rb8 Rd5 40. Rxd5+ exd5 41. Rb5 Kf6 42.
Rxd5 g5 43. Rd6+ Kf7 $14) (38... Ra8 39. Rd4 Ra2 40. Rbb4 g5 41. Rxe4 Rxe4 42.
Rxe4 Rc2 $14) 39. Rh7 $16 Rc1 $2 (39... Ra2 40. Rxh4 Rcc2 41. g5+ Kxg5 42. Rf4
e5 43. Rb5 $16) 40. Rxh4 $18 Kg5 41. Rh7 e5 42. Rg7 Kh4 43. Rbxg6 1-0

[Event "Baden"]
[Site "Baden"]
[Date "1980.??.??"]
[Round "10"]
[White "Hoelzl, Franz"]
[Black "Byrne, Robert Eugene"]
[Result "1/2-1/2"]
[WhiteElo "2415"]
[BlackElo "2530"]
[Annotator "Dolmatov,S"]
[PlyCount "88"]
[EventDate "1980.??.??"]
[EventType "tourn"]
[EventRounds "15"]
[EventCountry "AUT"]
[EventCategory "12"]
[SourceTitle "MCL"]
[Source "ChessBase"]
[SourceDate "1999.07.01"]
[SourceVersion "1"]
[SourceVersionDate "1999.07.01"]
[SourceQuality "1"]

1. c4 e6 2. Nc3 d5 3. d4 Nf6 4. Nf3 Nbd7 5. cxd5 exd5 6. Bf4 c6 7. e3 Nh5 8.
Be5 (8. Bg3 g6 9. Bd3 Nxg3 10. hxg3 Bg7 11. b4 $14) 8... Nxe5 9. Nxe5 $6 (9.
dxe5 g6 10. h3 Bb4 11. Qb3 Qe7 $13 {Balashov,Y-Taimanov,M/Leningrad/1977/Inf
24/523/}) 9... g6 10. Qf3 f6 11. Nd3 Bd6 12. g4 Ng7 13. h4 Qe7 14. Nf4 $2 (14.
O-O-O $5 h5 15. gxh5 Rxh5 16. e4 $132) 14... Bxf4 15. Qxf4 Ne6 16. Qh6 Nxd4 17.
O-O-O Ne6 $17 18. e4 d4 19. Ne2 Bd7 20. f3 (20. Nxd4 Nxd4 21. Rxd4 Qc5+ 22. Rc4
Qxf2 $17) 20... O-O-O 21. Kb1 (21. Nxd4 Nxd4 22. Rxd4 Be6 23. Rxd8+ Rxd8 $19)
21... c5 22. Nf4 Qf8 $2 (22... Kb8 23. Nd5 Qf8 $19) 23. Qxf8 Rhxf8 24. Nxe6
Bxe6 25. Rc1 b6 26. b4 d3 27. bxc5 Rd4 (27... d2 28. Rd1 Rd4 29. cxb6 axb6 30.
Rh2 Rfd8 31. Kc2 $10) 28. cxb6+ Kb7 29. Rd1 Rfd8 30. bxa7 Kxa7 31. Rh2 Bc4 32.
g5 R8d6 33. Rb2 $2 (33. Kc1 d2+ (33... fxg5 34. Kd2 gxh4 35. Rxh4 $10) 34.
Rhxd2 Rxd2 35. Rxd2 Rxd2 36. Kxd2 Bxf1 37. gxf6 $10) 33... f5 34. exf5 gxf5 35.
Rh2 Bb5 36. h5 Ba4 37. Rxd3 Rxd3 38. Bxd3 Rxd3 39. g6 Rd8 (39... hxg6 40. hxg6
Rd1+ 41. Kb2 Rg1 42. Rh5 $10) (39... Rd7 $2 40. h6) 40. Rh4 Bb5 41. a4 Ba6 (
41... Be2 42. Rf4) 42. Kc2 Kb6 43. g7 h6 44. Rd4 Rg8 (44... Rg8 45. Rd6+ Ka5
46. Rd5+ Kxa4 47. Rxf5 Rxg7 48. Rf6 $10) 1/2-1/2

[Event "Sarajevo Bosnia 28th"]
[Site "Sarajevo"]
[Date "1998.06.03"]
[Round "6"]
[White "Piket, Jeroen"]
[Black "Sokolov, Ivan"]
[Result "0-1"]
[WhiteElo "2575"]
[BlackElo "2625"]
[Annotator "Donev,I"]
[PlyCount "58"]
[EventDate "1998.05.29"]
[EventType "tourn"]
[EventRounds "9"]
[EventCountry "BIH"]
[EventCategory "15"]
[SourceTitle "CBM 066"]
[Source "ChessBase"]
[SourceDate "1998.09.30"]
[SourceVersion "1"]
[SourceVersionDate "1998.09.30"]
[SourceQuality "1"]

1. d4 Nf6 2. c4 e6 3. Nf3 d5 4. Nc3 Nbd7 5. cxd5 exd5 6. Bg5 Be7 7. e3 Nb6 {
Eine seltene Idee.Normalerweise kommt dieser Springer nach f8 und g6 oder e6.}
8. Qc2 Bg4 9. Ne5 Bh5 10. Bb5+ c6 11. Nxc6 bxc6 12. Bxc6+ Kf8 13. Bxa8 Qxa8 {
Auf den ersten Blick sieht man, wenn man die Stellung bewertet : a) Daß Weiß
zwei Bauern und einen Turm fuer zwei Leichtfiguren hat, was im Prinzip
günstiger für der Anziehenden ist. b) Der schwarze König unrochiert im Zentrum
steht. Doch der folgende Partieverlauf zeigt, daß die schwarze Trümpfe heißen:
c) das Läuferpaar} 14. O-O Bg6 15. Qe2 h6 {[%cal Yf8g8,Yg8h7] Langsam wird der
schwarze König sehr gut auf dem Nest h7 landen um den schwarzen Turm h8 zu
befreien.} 16. Bh4 Kg8 17. Rfc1 Kh7 18. Nb5 (18. h3 $5 {/\Bg3}) 18... Bd8 19.
Nc7 Qb8 20. Bg3 Nh5 {Gerade deswegen, wäre 18.h3 sehr nützlich um seinen
Läufer auf der wichtigen Diagonale h2-b8 zu behalten, denn nun wird Schwarz
zwei starke Läufer haben.} 21. Na6 (21. Be5 Nc4 22. Nxd5 Nxe5 23. dxe5 Qxe5 24.
Rd1 Nf6 $13) 21... Nxg3 22. hxg3 Qd6 23. Nc5 Bf6 24. b3 Re8 25. Qa6 h5 26. Rc3
(26. Qxa7 {Mir ist unerklärbar warum Weiß diesen Bauern nicht genommen hat.})
26... Qe7 27. Qb7 Bf5 28. a4 Rc8 29. a5 $4 {Grauenvoller Fehler, den man nur
mit Zeitnot erklären kann.} (29. Qxe7 Bxe7 30. a5 (30. Rac1 a5 $13) 30... Nd7
31. b4 $14) 29... Qxb7 (29... Qxb7 30. Nxb7 Rxc3 31. axb6 axb6 $19 {und
Schwarz hat eine Figur mehr.}) 0-1

[Event "USA-ch G2"]
[Site "Chandler"]
[Date "1997.08.23"]
[Round "1"]
[White "Seirawan, Yasser"]
[Black "Kaidanov, Gregory S"]
[Result "1/2-1/2"]
[WhiteElo "2630"]
[BlackElo "2600"]
[Annotator "Donev,I"]
[PlyCount "41"]
[EventDate "1997.08.23"]
[EventType "tourn"]
[EventRounds "7"]
[EventCountry "USA"]
[EventCategory "13"]
[SourceTitle "CBM 061"]
[Source "ChessBase"]
[SourceDate "1997.11.23"]
[SourceVersion "1"]
[SourceVersionDate "1997.11.23"]
[SourceQuality "1"]

1. d4 d5 2. c4 e6 3. Nc3 c6 4. cxd5 exd5 5. Qc2 {Die Idee diese frühere
Damenzug ist Vermeidung der Entwicklung des Bc8 - Bf5.} Na6 {[%cal Ya6b4]} 6.
Bf4 Nf6 7. a3 Bd6 (7... Nc7 $5) 8. Bxd6 Qxd6 9. e4 {[%cal Yf1a6,Ye4e5]} dxe4
10. Bxa6 bxa6 11. Nxe4 Qe6 (11... Nxe4 $5 12. Qxe4+ Qe6 13. Qxe6+ (13. f3 Rb8
14. O-O-O O-O {[%cal Re6a2]} 15. Qxe6 Bxe6 16. Ne2 $11 {[%cal Ye2c3]}) 13...
Bxe6 $11) 12. f3 O-O 13. Ne2 Nxe4 14. fxe4 Re8 15. e5 (15. Nc3 f5 $1 16. O-O
fxe4 17. Rae1 e3 18. Rf3 Qc4 $11) (15. Ng3 h5 16. h4 Qg4 17. Qf2 Rb8 $132)
15... f6 16. Nf4 (16. O-O fxe5 17. Rac1 Bd7 $15) 16... Qf5 17. Qxc6 {[%cal
Yc6e8,Yc6a8]} Bb7 18. Qc4+ $1 (18. Qxb7 Qxf4 {[%csl Re1][%cal Yf4c1,Yf4f1,
Ye8e5,Yf6e5,Ya8b8,Yb8b2] Schwarz hat sehr starke Initiative gegen allein
stehende im Zentrum König.}) 18... Kh8 19. O-O fxe5 20. dxe5 Qxe5 21. Qc3
1/2-1/2

[Event "EU-chT (Men) 19th"]
[Site "Warsaw"]
[Date "2013.11.11"]
[Round "4.3"]
[White "Edouard, Romain"]
[Black "Hracek, Zbynek"]
[Result "1-0"]
[WhiteElo "2653"]
[BlackElo "2638"]
[Annotator "Edouard,R"]
[PlyCount "119"]
[EventDate "2013.11.08"]
[EventType "team-swiss"]
[EventRounds "9"]
[EventCountry "POL"]
[SourceTitle "CBM 158"]
[Source "ChessBase"]
[SourceDate "2014.01.16"]
[SourceVersion "1"]
[SourceVersionDate "2014.01.16"]
[SourceQuality "1"]
[WhiteTeam "France"]
[BlackTeam "Czech Republic"]
[WhiteTeamCountry "FRA"]
[BlackTeamCountry "CZE"]

1. d4 Nf6 2. c4 e6 3. Nc3 d5 4. Nf3 Nbd7 5. cxd5 {I could not remember any
line so I decided to avoid real theory.} exd5 6. Bf4 c6 7. Qc2 (7. h3 {was my
initial idea, to avoid ...Nh5 like in the game, but I became afraid of} Ne4 {
which indeed is quite unclear.}) 7... Nh5 8. Bg5 $6 (8. Bd2 {should be played:
after 8.Bg5 I simply get a classical position a tempo down (usually Black goes
...Nh5 when the bishop is already on g5!).}) 8... Be7 9. Bxe7 Qxe7 10. g3 {
In the classical line I would have an extra move (e3 would have been played)
so I decided to try to look less stupid and went for a new plan. However I got
such a weird position that I'm not sure the mission succeeded!} Nb6 11. Bg2 g6
12. O-O O-O {Now that I had castled on this side Black has no reason to try to
castle on the other side - of course.} 13. Rae1 Bf5 14. Qc1 (14. e4 dxe4 15.
Nxe4 Rfe8 16. Ne5 Rad8 $11) 14... Be4 15. Nd2 (15. Nxe4 dxe4 16. Ne5 f6 17. Nc4
f5 $11) 15... Bxg2 16. Kxg2 f5 17. Nf3 Nd7 18. Na4 {I decided to go for an
equal endgame since my position was starting to become slightly worse.} Nhf6
19. Nc5 Nxc5 20. Qxc5 Qxc5 21. dxc5 Ne4 22. Rc1 {The position is completely
equal.} f4 (22... a5 $5) 23. Rc2 fxg3 {I am not sure this was useful.} (23...
Rae8 24. Nd4 Ng5 $11) 24. hxg3 h5 25. Nd4 Rf6 26. b4 a6 27. a4 Ng5 28. e3 Ne6
29. Nb3 Ng7 {I think an even better plan would have been to keep the knight on
e6 and protect b7 with the f-rook if necessary.} ({E.g.} 29... Kg7 30. Na5 Rf7
$11 {and now White is even unable to push b5.}) 30. Re1 Re8 31. Na5 Nf5 32. Rb2
Re7 33. b5 axb5 34. axb5 Kf7 35. bxc6 bxc6 36. Rb6 Rc7 37. e4 dxe4 38. Rxe4 {
There is not much to say about the last 8 moves. The game has developed more
or less normally.} Ng7 $6 (38... g5 $11) 39. Nb7 g5 $5 (39... Kg8 40. Nd6 $14)
40. Nd6+ Kg6 41. Ra4 Re7 42. Ra2 (42. Rxc6 Re2 $11) (42. Ne4 Rfe6 $11) 42...
Nf5 $5 (42... Ne6 43. Rxc6 g4 $1 {should be an easy draw.} ({And not} 43...
Nxc5 $2 44. Rxc5 Rxd6 45. Raa5 {which should be almost losing for Black.})) 43.
Rxc6 Nxd6 $2 (43... Re1 $1 {with the idea of ...Nd4 and ...Nf3 would be a draw.
}) 44. Rxd6 Rxd6 $2 ({The weird} 44... Re5 $8 {would be the only try, with the
idea of} 45. Rxf6+ Kxf6 46. Rc2 Ke7 {and a better version of the game for
Black. But of course, as a rule, we say the passed pawn should be as close as
possible to the defending king in that kind of position.}) 45. cxd6 Rd7 46. Rd2
{This precise ending is totally lost, for concrete reasons.} g4 (46... Kf7 47.
g4 $1 (47. Rd5 $2 g4 48. Kf1 Ke6 49. Rxh5 Rxd6 50. Rh6+ Ke5 51. Rxd6 Kxd6 $11)
(47. Kf3 $2 Ke6 48. Ke4 Rxd6 49. Rxd6+ Kxd6 50. Kf5 h4 $11) 47... h4 (47...
hxg4 48. Kg3 Ke8 49. Kxg4 Rg7 50. Re2+ $1 Kd8 51. Re5 $18) 48. Rd5 Kf6 49. Kf3
Kg6 50. Ke3 $18) 47. Kf1 Kf7 (47... Kf5 48. Ke2 Ke4 49. Rd1 $22 $18) 48. Ke2
Ke8 (48... Ke6 49. Ke3 Rxd6 50. Rxd6+ Kxd6 51. f4 $18) 49. Ke3 Rf7 (49... Ra7
50. Rd5 $1 Kd7 (50... Ra4 51. Rxh5 $18) 51. Kf4 Ra2 52. Kg5 $18) 50. d7+ Kd8
51. Ke4 Rf3 52. Ke5 {My king is coming to e6 and the black rook cannot stay on
the f-file.} Ra3 53. Kf5 Ra5+ 54. Kg6 Rb5 55. Rd4 Ra5 56. Rf4 Kxd7 57. Rf5 Ra8
58. Kxh5 Rg8 59. Re5 $5 Kd6 (59... Rf8 60. Re2 $18) 60. Re4 (60. Re4 Rf8 61.
Rf4 $18) 1-0

[Event "Nations Cup Online Prelim"]
[Site "Chess.com INT"]
[Date "2020.05.08"]
[Round "8.1"]
[White "Vachier Lagrave, Maxime"]
[Black "Anand, Viswanathan"]
[Result "1/2-1/2"]
[WhiteElo "2778"]
[BlackElo "2753"]
[Annotator "Edouard,R"]
[PlyCount "119"]
[EventDate "2020.05.05"]
[EventType "team-tourn"]
[EventRounds "10"]
[EventCountry "USA"]
[SourceTitle "CBM 196"]
[Source "ChessBase"]
[SourceDate "2020.06.30"]
[SourceVersion "1"]
[SourceVersionDate "2020.06.30"]
[SourceQuality "1"]
[WhiteTeam "Europe"]
[BlackTeam "India"]
[BlackTeamCountry "IND"]

{[%evp 0,119,29,13,27,-7,-3,4,4,-8,-17,2,4,16,12,-21,-1,4,4,-16,18,18,13,-4,-9,
-9,19,13,12,2,22,18,25,10,52,-8,9,6,10,10,25,-18,-4,0,1,0,0,0,4,0,0,-6,0,-11,
48,-4,51,0,0,0,0,0,8,0,7,7,15,11,23,0,3,7,9,9,18,9,38,-39,63,16,63,0,0,0,0,0,
47,33,24,4,7,13,10,13,10,14,11,0,23,24,24,11,0,0,41,37,45,46,46,41,46,0,0,0,0,
0,0,0,0,0,0,0]} 1. d4 Nf6 2. c4 e6 3. Nc3 d5 4. cxd5 exd5 5. Bg5 c6 6. e3 Bf5
7. Qb3 $5 ({Trying to get a slightly different version of the typical endgame} 
7. Qf3 Bg6 8. Bxf6 Qxf6 9. Qxf6 gxf6 {played several times by Kramnik, for
example.}) 7... Qb6 (7... b6 {is a serious weakening move for Black:} 8. Rc1
Be7 9. Nf3 O-O 10. Ne5 h6 11. Bf4 Bd6 12. Be2 Qe7 13. O-O $36) 8. Bxf6 {
Maxime decides to keep the tension and wants Black to exchange queens himself.
Indeed, Qxb6 axb6 helps Black to consolidate his position.} gxf6 9. Kd2 $5 $146
{White remains flexible and will play Bd3, no matter whether Black exchanges
queens or not.} Nd7 (9... Bb4 10. Bd3 Bg6 11. Nge2 $36) (9... Qc7 10. Rc1 Qd7
11. Nf3 {with Bd3 to come would be good for White. The king on d2 isn't weak
at all, despite being in the centre.}) 10. Bd3 Bg6 (10... Qxb3 11. axb3 Be6 12.
Nge2 $36 {½-½ (37) Yrjola,J (2455)-Muco,F (2435) Thessaloniki 1988}) 11. Nf3
Qxb3 12. axb3 Nb6 13. Nh4 Kd7 14. f4 (14. g4 Nc8 {wouldn't give White much
advantage: the black knight will reach its perfect spot on d6.}) 14... Bxd3 (
14... Rg8 $5 {with the idea} 15. f5 Bh5 16. h3 Rg3 $8 {was the alternative.})
15. Kxd3 Bb4 16. Rhe1 Nc8 17. e4 dxe4+ 18. Rxe4 Nd6 19. Re2 a5 20. Ne4 Nxe4 21.
Rxe4 {The white knight has a nice square on f5, but Black is just too solid.}
Rae8 (21... Ra6 $5 {with the idea of ...Rb6 and ...Rb5 looked completely fine
for Black to me.}) 22. Rxe8 Rxe8 23. Nf5 Kc7 24. Rf1 Kb6 25. Ne3 $1 {Suddenly,
Black should be very careful, as Rf3-Rh3 could turn on to be decisive.} (25.
Rf3 Re1 $132) 25... Rd8 26. Nc2 $1 (26. Rf3 $2 {would allow} Bc5 27. Nc2 Bxd4
28. Nxd4 c5 $15) 26... Rg8 (26... c5 $2 27. Rf3 cxd4 28. Rh3 $16) (26... Bc5
27. Ke4 Bd6 28. Rf3 $14) 27. Rf2 Kc7 28. Re2 Bd6 29. g3 {A move White did not
want to play, as he won't be able to play Re3-Rh3 for a while. But he didn't
have much of a choice.} Rd8 30. Ne3 Bc5 31. Nf5 Rd5 (31... Bxd4 $2 32. Nxd4 c5
33. Re7+ $16) 32. Ke4 Bf8 33. g4 Rd8 34. Kd3 Bd6 35. Re4 Rg8 36. h3 Rd8 37. h4
Rg8 38. Nh6 $2 {A miscalculation.} (38. g5 $14) 38... Rg7 (38... Rg6 39. f5
Rxh6 40. h5 {was MVL's idea, totally trapping the black rook, but White
doesn't have enough pieces to win the game. In fact, after} Kd7 {Black is more
than safe.}) 39. g5 fxg5 40. fxg5 f6 $1 {A strong equaliser.} 41. Nf5 (41. Re6
{was the last try, but after} fxg5 42. Rxd6 Kxd6 (42... gxh4 $5) 43. Nf5+ Ke6
$1 (43... Kd5 44. Nxg7 gxh4 45. Nh5 c5 {is also a draw, but at least Black
would have to defend}) 44. Nxg7+ Kf6 45. Nh5+ Kg6 46. Ng3 gxh4 47. Nf1 Kf5 {
Maxime was no longer sure who was playing for a win!}) 41... Rg6 42. Ne7 Bxe7
43. Rxe7+ Kd6 {Now it's just a draw.} 44. gxf6 Rxf6 45. Rxb7 Rh6 46. Ra7 Rxh4
47. Rxa5 Rh2 48. Kc3 Rh3+ 49. Kc4 Rh2 50. Rf5 Rc2+ 51. Kb4 Rxb2 52. Rh5 Rc2 53.
Rxh7 Rc1 54. Rh5 Rc2 55. Rc5 Rxc5 56. dxc5+ Kd5 57. Ka5 Kxc5 58. b4+ Kc4 59.
Kb6 Kxb4 60. Kxc6 1/2-1/2